Study on opportunities for Intra-Regional Investment Coporation amongst SAARC countries / (Record no. 135847)

MARC details
000 -LEADER
fixed length control field 00765nam a22002177a 4500
005 - DATE AND TIME OF LATEST TRANSACTION
control field 20170124110251.0
010 ## - LIBRARY OF CONGRESS CONTROL NUMBER
LC control number A-897105
020 ## - INTERNATIONAL STANDARD BOOK NUMBER
Terms of availability 00.00
International Standard Book Number 8172401116
035 ## - SYSTEM CONTROL NUMBER
System control number A-897105
037 ## - SOURCE OF ACQUISITION
Source of stock number/acquisition Cen Lib/Ret
040 ## - CATALOGING SOURCE
Original cataloging agency DPL
Language of cataloging EN
082 ## - DEWEY DECIMAL CLASSIFICATION NUMBER
Classification number 332.673
Item number STU
110 ## - MAIN ENTRY--CORPORATE NAME
Corporate name or jurisdiction name as entry element Federation of Indian Chambers of Commerce & Industry
9 (RLIN) 98765
245 ## - TITLE STATEMENT
Title Study on opportunities for Intra-Regional Investment Coporation amongst SAARC countries /
260 ## - PUBLICATION, DISTRIBUTION, ETC. (IMPRINT)
Place of publication, distribution, etc Delhi
Name of publisher, distributor, etc Global Business Press
Date of publication, distribution, etc 1997
270 ## - ADDRESS
City Delhi
Address 18-19, Dilshad Garden, G.T.
Postal code 110095
300 ## - PHYSICAL DESCRIPTION
Extent xv, 191p.
Dimensions 21cm(Hb)
650 ## - SUBJECT ADDED ENTRY--TOPICAL TERM
Topical term or geographic name as entry element Globlisation and business opportunities
9 (RLIN) 98766
650 ## - SUBJECT ADDED ENTRY--TOPICAL TERM
Topical term or geographic name as entry element Economic cooperation -- World wide
9 (RLIN) 98767
942 ## - ADDED ENTRY ELEMENTS (KOHA)
Source of classification or shelving scheme Dewey Decimal Classification
Koha item type English Books
Classification part 332.673
Call number suffix STU
Holdings
Withdrawn status Lost status Damaged status Not for loan Home library Current library Date acquired Source of acquisition Cost, normal purchase price Total Checkouts Full call number Barcode Date last seen Copy number Cost, replacement price Price effective from Koha item type Public note
Written off       Central Library Central Library 08/10/2015 Cen Lib/Ret 0.00   332.673 STU A-897105 08/10/2015 1 0.00 08/10/2015 English Books Written off on approval by DLB (By Circulation); dtd 15-06-2023

© Delhi Public Library
Hit Counter
free hit counter